000 01097nam a22002297a 4500
001 1450
005 20240306161156.0
020 _a9781408313046
040 _aFISKH
_beng
082 _a823.92
100 _aMeres, Jonathan
245 _aMay cause irritation /
_cJonathan Meres
250 _aThis edition published in 2016 by the Watts Publishing Group
260 _aCroydon :
_bOrchard,
_c2012
300 _a274 pages, 14 unnumbered pages :
_billustrations ;
_c20 cm.
490 _aThe world of Norm
_vBook 2
505 _aH
520 _aIt might be a dream, but Norm soon finds that things go from bad to worse - when his perfect cousins arrive for a walk. If there was one thing worse than spending time with his perfect cousins it was being forced to go on a flipping walk with them! What's the point in going for a walk - except to get from A to B?! Jonathan Meres follows up May Contain Nuts with another laugh-out-loud story about Norm, a boy who can't understand why everything always seems unfair ...
521 _a530
_bLexile
521 _aH
_bRaz-Plus
942 _2ddc
_cBK
_n0
999 _c1450
_d1450